000 00350 a2200145 4500
001 63855
020 _a9788126139927
082 _a813.5219 HEM
090 _c37777
_d37777
100 _a Hemingway,Ernest
245 _aThe Old Man and The Sea
260 _aNew Delhi
_bAnmol Publications
_c2009
300 _a259 P
600 _aAditya Nandwani
942 _acaenust
_k813.5219 HEM
999 _c298928
_d298928